[Event "ZN-2009-0-00836"]
[Site "LSS email"]
[Date "2009.12.15"]
[Round "?"]
[White "Castoro, Marco"]
[Black "Checa, Nicolas"]
[Result "1/2-1/2"]
[WhiteElo "800"]
[BlackElo "763"]
[PlyCount "88"]
[EventDate "2009.12.09"]
[EventType "match (corr)"]
[EventRounds "2"]
[EventCountry "GER"]
[SourceTitle "Corr 2022"]
[Source "ChessBase"]
[SourceDate "2021.10.24"]
[SourceVersion "1"]
[SourceVersionDate "2021.10.24"]
[SourceQuality "1"]

1. c4 e5 2. Nc3 Nf6 3. Nf3 Nc6 4. e3 Bb4 5. Qc2 d6 6. d4 0-0 7. dxe5 Nxe5 8. Nxe5 dxe5 9. Bd2 Bg4 10. a3 Bd6 11. Be2 Bxe2 12. Nxe2 Qe7 13. Rd1 Rad8 14. Bc3 Qe6 15. Qb3 Rd7 16. 0-0 Rfd8 17. Ng3 c5 18. e4 Be7 19. Rxd7 Rxd7 20. f3 a6 21. Nf5 b5 22. Rd1 Bf8 23. Rxd7 Nxd7 24. Ne3 Nb6 25. Ba5 Nxc4 26. Nxc4 Qxc4 27. Qxc4 bxc4 28. Kf2 f6 29. Ke2 g6 30. Kd2 Kf7 31. Kc3 Ke6 32. Kxc4 Kd6 33. g4 Be7 34. Bd2 Kc6 35. Be3 Bf8 36. h3 Be7 37. h4 h5 38. b3 Bd6 39. Bd2 Be7 40. Bh6 Bd6 41. Bd2 Bc7 42. Bh6 Bd6 43. Bg7 Be7 44. Bh6 Bd6 1/2-1/2